Water and climate change adaptation policies to navigate uncharted waters

Gespeichert in:
Bibliographische Detailangaben
Format: Buch
Sprache:Englisch
Veröffentlicht: Paris OECD 2013
Schriftenreihe:OECD studies on water
Schlagworte:
Tags: Tag hinzufügen
Keine Tags, Fügen Sie das erste Tag hinzu!

MARC

LEADER 00000nam a2200000 4500
001 0186566
005 20240315121417.5
020 |a 978-92-64-20043-2 
041 0 |a eng 
044 |a FR 
245 1 0 |a Water and climate change adaptation  |b policies to navigate uncharted waters 
264 1 |a Paris  |b OECD  |c 2013 
300 |a 111 s. 
490 1 |a OECD studies on water 
830 0 |a OECD studies on water 
610 2 0 |a voda 
610 2 0 |a zmeny klimatické 
610 2 0 |a voda pitná 
610 2 0 |a zdroje vodné 
610 2 0 |a ochrana vody 
610 2 0 |a adaptácia 
610 2 0 |a riziko 
610 2 0 |a riadenie 
610 2 0 |a opatrenia 
610 2 0 |a financovanie 
610 2 0 |a prognózy 
610 2 0 |a štúdie